<?xml version="1.0" encoding="UTF-8"?><?xml-stylesheet type="text/xsl" href="static/style.xsl"?><OAI-PMH xmlns="http://www.openarchives.org/OAI/2.0/" xmlns:xsi="http://www.w3.org/2001/XMLSchema-instance" xsi:schemaLocation="http://www.openarchives.org/OAI/2.0/ http://www.openarchives.org/OAI/2.0/OAI-PMH.xsd"><responseDate>2026-04-27T21:25:40Z</responseDate><request verb="GetRecord" identifier="oai:uvadoc.uva.es:10324/35558" metadataPrefix="marc">https://uvadoc.uva.es/oai/request</request><GetRecord><record><header><identifier>oai:uvadoc.uva.es:10324/35558</identifier><datestamp>2025-02-13T10:24:32Z</datestamp><setSpec>com_10324_5466</setSpec><setSpec>com_10324_5186</setSpec><setSpec>com_10324_29291</setSpec><setSpec>col_10324_5485</setSpec></header><metadata><record xmlns="http://www.loc.gov/MARC21/slim" xmlns:doc="http://www.lyncode.com/xoai" xmlns:xsi="http://www.w3.org/2001/XMLSchema-instance" xmlns:dcterms="http://purl.org/dc/terms/" xsi:schemaLocation="http://www.loc.gov/MARC21/slim http://www.loc.gov/standards/marcxml/schema/MARC21slim.xsd">
<leader>00925njm 22002777a 4500</leader>
<datafield tag="042" ind1=" " ind2=" ">
<subfield code="a">dc</subfield>
</datafield>
<datafield tag="720" ind1=" " ind2=" ">
<subfield code="a">García Teijeiro, Manuel</subfield>
<subfield code="e">author</subfield>
</datafield>
<datafield tag="260" ind1=" " ind2=" ">
<subfield code="c">2000</subfield>
</datafield>
<datafield tag="520" ind1=" " ind2=" ">
<subfield code="a">Reseña de Mª del Amor López Jimeno, Nuevas tabellae defixionis áticas, “Classical and Byzantine Monographs” XLIV, Amsterdam, Adolph M. Hakkert, 1999, 488 pp.</subfield>
</datafield>
<datafield tag="024" ind2=" " ind1="8">
<subfield code="a">Minerva. Revista de Filología Clásica; Núm. 14 (2000) pags. 296-300</subfield>
</datafield>
<datafield tag="024" ind2=" " ind1="8">
<subfield code="a">2530-6480</subfield>
</datafield>
<datafield tag="024" ind2=" " ind1="8">
<subfield code="a">http://uvadoc.uva.es/handle/10324/35558</subfield>
</datafield>
<datafield tag="024" ind2=" " ind1="8">
<subfield code="a">296</subfield>
</datafield>
<datafield tag="024" ind2=" " ind1="8">
<subfield code="a">14</subfield>
</datafield>
<datafield tag="024" ind2=" " ind1="8">
<subfield code="a">300</subfield>
</datafield>
<datafield ind1=" " ind2=" " tag="653">
<subfield code="a">Filología clásica</subfield>
</datafield>
<datafield tag="245" ind1="0" ind2="0">
<subfield code="a">Mª del Amor López Jimeno, Nuevas tabellae defixionis áticas, “Classical and Byzantine Monographs” XLIV, Amsterdam, Adolph M. Hakkert, 1999, 488 pp.</subfield>
</datafield>
</record></metadata></record></GetRecord></OAI-PMH>